[Event "TUR-chT 2nd League"]
[Site "Denizli"]
[Date "2023.07.15"]
[Round "9.121"]
[White "Khalesi, Vahid"]
[Black "Marasli, Tutku Kahraman"]
[Result "1-0"]
[WhiteElo "2155"]
[BlackElo "2149"]
[PlyCount "99"]
[EventDate "2023.07.09"]
[EventType "team-swiss"]
[EventRounds "9"]
[EventCountry "TUR"]
[SourceTitle "CBM 215 Extra"]
[Source "ChessBase"]
[SourceDate "2023.09.30"]
[SourceVersion "1"]
[SourceVersionDate "2023.09.30"]
[SourceQuality "1"]
[WhiteTeam "Duzce AS"]
[BlackTeam "Pamukkale Yonetimi"]
[WhiteTeamCountry "TUR"]
[BlackTeamCountry "TUR"]

1. e4 c6 2. d4 d5 3. Nc3 dxe4 4. Nxe4 Bf5 5. Ng3 Bg6 6. h4 h6 7. Nf3 Nf6 8. Ne5 Bh7 9. Bc4 e6 10. Qe2 Nd5 11. Bb3 Nd7 12. Bd2 Nxe5 13. dxe5 Be7 14. Ne4 Qc7 15. f4 0-0-0 16. 0-0-0 Rd7 17. a3 b5 18. c4 bxc4 19. Qxc4 Rhd8 20. Bc2 Nb6 21. Qe2 Kb8 22. Rh3 c5 23. Ba5 Rxd1+ 24. Bxd1 Qc6 25. Nc3 Rd4 26. Bxb6 axb6 27. Qf2 g5 28. hxg5 Rxf4 29. Qxf4 Bxg5 30. Qxg5 hxg5 31. Bf3 Qc7 32. Rxh7 Qxe5 33. Rxf7 g4 34. Be4 Kc8 35. Rb7 Qd6 36. Kc2 c4 37. Kb1 Kd8 38. Ka2 Qd4 39. Bc6 Qc5 40. Bb5 Qf2 41. Rd7+ Kc8 42. Rg7 Qxg2 43. Bxc4 g3 44. Bxe6+ Kb8 45. Bd5 Qf2 46. Nb5 Kc8 47. Bc6 Qf8 48. Rc7+ Kd8 49. Rd7+ Kc8 50. Na7+ 1-0

[Event "TUR-chT 1st League"]
[Site "Konya"]
[Date "2019.07.28"]
[Round "9.7"]
[White "Marasli, Tutku Kahraman"]
[Black "Bilyap, Enis"]
[Result "1-0"]
[WhiteElo "2139"]
[BlackElo "1941"]
[PlyCount "127"]
[EventDate "2019.07.22"]
[EventType "team-swiss"]
[EventRounds "9"]
[EventCountry "TUR"]
[SourceTitle "CBM 191 Extra"]
[Source "ChessBase"]
[SourceDate "2019.09.30"]
[SourceVersion "1"]
[SourceVersionDate "2019.09.30"]
[SourceQuality "1"]
[WhiteTeam "Pamukkale Universiteli"]
[BlackTeam "Karsiyaka Ihtisas"]
[WhiteTeamCountry "TUR"]
[BlackTeamCountry "TUR"]

1. e4 d5 2. exd5 Nf6 3. Bb5+ Bd7 4. Bc4 Bg4 5. f3 Bf5 6. Nc3 c6 7. dxc6 Nxc6 8. Nge2 e6 9. d3 Be7 10. Be3 h6 11. Qd2 Qd7 12. 0-0-0 0-0-0 13. Kb1 Bb4 14. a3 Ba5 15. Qe1 Nd5 16. Bd2 Nxc3+ 17. Bxc3 Bxc3 18. Qxc3 Kb8 19. g4 Bg6 20. Qxg7 Ka8 21. Qc3 Rc8 22. Bb5 Rhd8 23. h4 Qd6 24. Qf6 h5 25. Bxc6 Qxc6 26. Rc1 Rd5 27. gxh5 Bxh5 28. Ng3 Rc5 29. Nxh5 Rxh5 30. Qxf7 Rf5 31. Qg7 Qxf3 32. Qd7 Rh8 33. Qxe6 a6 34. Qe4 Qf2 35. h5 Rh6 36. Rcg1 Rfxh5 37. Rg8+ Ka7 38. Rxh5 Rxh5 39. Qe8 Rh1+ 40. Ka2 Rh6 41. Qb8+ Kb6 42. Rg7 Qf3 43. Qd8+ Ka7 44. Qd4+ Rb6 45. c4 Qc6 46. Qc3 Qh6 47. Rg2 Qf4 48. d4 Qf1 49. Rc2 Rc6 50. d5 Rc8 51. c5 Qf7 52. Qb3 Ka8 53. c6 bxc6 54. Rxc6 Rxc6 55. dxc6 Qc7 56. Qe6 Ka7 57. Qe3+ Kb8 58. Qc5 Qf7+ 59. b3 Qc7 60. a4 a5 61. Ka3 Ka8 62. Kb2 Qg7+ 63. Kc2 Qh7+ 64. Kc3 1-0

[Event "TUR-chT 1st League"]
[Site "Konya"]
[Date "2019.07.23"]
[Round "2.2"]
[White "Marasli, Tutku Kahraman"]
[Black "Agamaliev, Gamil"]
[Result "1-0"]
[WhiteElo "2139"]
[BlackElo "2493"]
[PlyCount "71"]
[EventDate "2019.07.22"]
[EventType "team-swiss"]
[EventRounds "9"]
[EventCountry "TUR"]
[SourceTitle "CBM 191 Extra"]
[Source "ChessBase"]
[SourceDate "2019.09.30"]
[SourceVersion "1"]
[SourceVersionDate "2019.09.30"]
[SourceQuality "1"]
[WhiteTeam "Pamukkale Universiteli"]
[BlackTeam "Gokyay Vakfi"]
[WhiteTeamCountry "TUR"]
[BlackTeamCountry "TUR"]

1. e4 c5 2. Nf3 Nc6 3. Nc3 Nf6 4. d4 cxd4 5. Nxd4 e5 6. Ndb5 d6 7. Nd5 Nxd5 8. exd5 Ne7 9. c4 Nf5 10. Bd3 Be7 11. 0-0 a6 12. Nc3 0-0 13. a4 Nh4 14. Be3 Bf5 15. Ra3 Rc8 16. Be2 Bg5 17. Qc1 Bxe3 18. fxe3 Bd7 19. Rb3 Rb8 20. Ne4 f5 21. Nxd6 Bxa4 22. Rb4 Qxd6 23. c5 Qh6 24. Rxa4 Qg5 25. Rf2 Kh8 26. c6 bxc6 27. dxc6 Ng6 28. c7 Ra8 29. Rxa6 Rac8 30. Ra7 Ne7 31. Ba6 Rce8 32. Bb5 Ra8 33. Rxa8 Rxa8 34. Bd7 Nc8 35. Bxf5 Qe7 36. Qc6 1-0

[Event "TUR-chT 1st League"]
[Site "Konya"]
[Date "2018.07.22"]
[Round "9.7"]
[White "Marasli, Tutku Kahraman"]
[Black "Hajiyev, Shahin Qabil"]
[Result "1/2-1/2"]
[WhiteElo "2132"]
[BlackElo "1965"]
[PlyCount "89"]
[EventDate "2018.07.16"]
[EventType "team-swiss"]
[EventRounds "9"]
[EventCountry "TUR"]
[SourceTitle "EXT 2019"]
[Source "ChessBase"]
[SourceDate "2018.10.10"]
[SourceVersion "1"]
[SourceVersionDate "2018.10.10"]
[SourceQuality "1"]
[WhiteTeam "DCM Pamukkale Universiteli"]
[BlackTeam "Kahramanmaras CC"]
[WhiteTeamCountry "TUR"]
[BlackTeamCountry "TUR"]

1. d4 d5 2. c4 c6 3. Nf3 Nf6 4. Nc3 e6 5. cxd5 exd5 6. Bf4 Be7 7. g3 Bf5 8. Bg2 Ne4 9. 0-0 Nd7 10. Nd2 Nxd2 11. Qxd2 Nf6 12. f3 0-0 13. e4 Be6 14. Kh1 Qd7 15. e5 Ne8 16. Bg5 f6 17. exf6 Nxf6 18. Rae1 Rae8 19. Rf2 Bh3 20. Rfe2 Bxg2+ 21. Kxg2 Bd8 22. Re5 Bc7 23. Bxf6 gxf6 24. R5e2 Ba5 25. g4 Bxc3 26. bxc3 Rxe2+ 27. Qxe2 Kf7 28. Qd3 Kg7 29. Qe3 Rf7 30. h4 Qd6 31. h5 h6 32. f4 Qd7 33. Kf3 Kf8 34. Qe6 Qxe6 35. Rxe6 Kg7 36. a4 Rd7 37. a5 Kf7 38. f5 a6 39. Ke3 Re7 40. Rxe7+ Kxe7 41. Kd2 Kd6 42. Kc2 c5 43. Kd2 cxd4 44. cxd4 Kc6 45. Kc3 1/2-1/2

[Event "TUR-chT 1st League"]
[Site "Konya"]
[Date "2018.07.20"]
[Round "7.9"]
[White "Marasli, Tutku Kahraman"]
[Black "Molla, Ersen"]
[Result "0-1"]
[WhiteElo "2132"]
[BlackElo "1932"]
[PlyCount "123"]
[EventDate "2018.07.16"]
[EventType "team-swiss"]
[EventRounds "9"]
[EventCountry "TUR"]
[SourceTitle "EXT 2019"]
[Source "ChessBase"]
[SourceDate "2018.10.10"]
[SourceVersion "1"]
[SourceVersionDate "2018.10.10"]
[SourceQuality "1"]
[WhiteTeam "DCM Pamukkale Universiteli"]
[BlackTeam "Karsiyaka Ihtisas"]
[WhiteTeamCountry "TUR"]
[BlackTeamCountry "TUR"]

1. e4 c5 2. Nf3 g6 3. Nc3 Bg7 4. Bc4 Nc6 5. h3 e6 6. 0-0 Nge7 7. Re1 0-0 8. Bf1 d5 9. d3 d4 10. Na4 b6 11. a3 Bb7 12. Rb1 Qd6 13. b3 b5 14. Nb2 e5 15. Bd2 a6 16. c4 dxc3 17. Bxc3 Rfd8 18. a4 Bc8 19. Ra1 Be6 20. Ng5 Bd7 21. Qb1 Bh6 22. Nf3 Be6 23. Nd1 Nd4 24. b4 Nxf3+ 25. gxf3 Nc6 26. axb5 axb5 27. bxc5 Qxc5 28. Kg2 b4 29. Bb2 Nd4 30. Ne3 Bf4 31. Qc1 Qe7 32. Rxa8 Rxa8 33. Qb1 Qg5+ 34. Ng4 Nb3 35. Be2 h5 36. Bd1 hxg4 37. fxg4 Nd4 38. Bxd4 exd4 39. Qxb4 Be5 40. Rh1 Qf4 41. Qe1 Ra2 42. Bf3 Rd2 43. Be2 Kg7 44. Kf1 Rb2 45. Kg2 Ba2 46. Bd1 Bb1 47. Be2 Ba2 48. Bd1 f5 49. gxf5 gxf5 50. Rg1 fxe4 51. Qxe4 Qxe4+ 52. dxe4 d3 53. Kf3+ Kf6 54. Ke3 Bc4 55. f4 Bc3 56. e5+ Kf7 57. Bh5+ Kf8 58. Ra1 Kg7 59. Ra7+ Kh6 60. Bg4 Re2+ 61. Kf3 Bd5+ 62. Kg3 0-1

[Event "TUR-chT 1st League"]
[Site "Konya"]
[Date "2017.07.22"]
[Round "8.6"]
[White "Marasli, Tutku Kahraman"]
[Black "Keles, Cengiz Ozdemir"]
[Result "1-0"]
[WhiteElo "2127"]
[BlackElo "2124"]
[PlyCount "87"]
[EventDate "2017.07.17"]
[EventType "team-swiss"]
[EventRounds "9"]
[EventCountry "TUR"]
[SourceTitle "CBM 179 Extra"]
[Source "ChessBase"]
[SourceDate "2017.08.23"]
[SourceVersion "1"]
[SourceVersionDate "2017.08.23"]
[SourceQuality "1"]
[WhiteTeam "Pamukkale Universiteli"]
[BlackTeam "Kahramanmaras CC"]
[WhiteTeamCountry "TUR"]
[BlackTeamCountry "TUR"]

1. e4 c6 2. d4 d5 3. Nc3 dxe4 4. Nxe4 Nf6 5. Nxf6+ gxf6 6. Be2 Bf5 7. Bf3 e6 8. Ne2 Bg7 9. Ng3 Nd7 10. Nxf5 Qa5+ 11. c3 Qxf5 12. 0-0 0-0 13. Re1 Qg6 14. Bh5 Qf5 15. Bg4 Qg6 16. h4 Bh6 17. Bh5 Qg7 18. a4 Bxc1 19. Qxc1 f5 20. Re3 f4 21. Rh3 Qh6 22. Bf3 Kh8 23. Qd2 Rg8 24. Re1 Nf6 25. h5 Rg5 26. Kf1 Ra5 27. b3 Qg5 28. c4 Rf5 29. Qb4 b6 30. Qd6 Rg8 31. Qxc6 e5 32. dxe5 Rxe5 33. Qd6 Rxe1+ 34. Kxe1 h6 35. Kf1 Qf5 36. Rh4 Qb1+ 37. Qd1 Qb2 38. Rxf4 Kg7 39. g3 Re8 40. Kg2 Re6 41. a5 Qc3 42. axb6 axb6 43. Qd4 Qxb3 44. Bg4 1-0

[Event "Manavgat Turkey Cup"]
[Site "Manavgat"]
[Date "2016.02.04"]
[Round "8"]
[White "Yilmaz, Goktan"]
[Black "Marasli, Tutku Kahraman"]
[Result "1/2-1/2"]
[WhiteElo "1990"]
[BlackElo "2145"]
[PlyCount "73"]
[EventDate "2016.01.30"]
[EventType "swiss"]
[EventRounds "11"]
[EventCountry "TUR"]
[SourceTitle "CBM 170 Extra"]
[Source "ChessBase"]
[SourceDate "2016.02.25"]
[SourceVersion "1"]
[SourceVersionDate "2016.02.25"]
[SourceQuality "1"]

1. e4 d6 2. d4 Nd7 3. Nc3 c6 4. f4 g6 5. Nf3 Bg7 6. Be3 Ngf6 7. h3 0-0 8. e5 Nd5 9. Nxd5 cxd5 10. Qd2 Nb6 11. b3 Bf5 12. Bd3 Bxd3 13. cxd3 a5 14. 0-0 f6 15. g4 a4 16. Qb2 Qd7 17. Rab1 a3 18. Qd2 Nc8 19. Rbe1 Na7 20. Bf2 fxe5 21. dxe5 dxe5 22. Bxa7 Rxa7 23. fxe5 e6 24. d4 Qe7 25. Rc1 Raa8 26. Kg2 Rf7 27. Nh2 Raf8 28. Rxf7 Qxf7 29. Rf1 Qd7 30. Rxf8+ Bxf8 31. g5 Qb5 32. Ng4 Bg7 33. Qc2 Bf8 34. h4 Qc6 35. Qd2 Be7 36. Nh6+ Kf8 37. Ng4 1/2-1/2

[Event "Manavgat Turkey Cup"]
[Site "Manavgat"]
[Date "2016.01.31"]
[Round "2"]
[White "Ibik, Halit Yavuz"]
[Black "Marasli, Tutku Kahraman"]
[Result "0-1"]
[WhiteElo "1843"]
[BlackElo "2145"]
[PlyCount "113"]
[EventDate "2016.01.30"]
[EventType "swiss"]
[EventRounds "11"]
[EventCountry "TUR"]
[SourceTitle "CBM 170 Extra"]
[Source "ChessBase"]
[SourceDate "2016.02.25"]
[SourceVersion "1"]
[SourceVersionDate "2016.02.25"]
[SourceQuality "1"]

1. e4 c6 2. d4 d5 3. Nc3 dxe4 4. Nxe4 Bf5 5. Ng3 Bg6 6. Nf3 Nd7 7. Bd3 Ngf6 8. 0-0 e6 9. c4 Bd6 10. Re1 0-0 11. Bxg6 hxg6 12. Bg5 Qc7 13. Qc2 c5 14. Bxf6 Nxf6 15. dxc5 Qxc5 16. Ne4 Nxe4 17. Qxe4 Rac8 18. b3 b5 19. cxb5 Qxb5 20. Rac1 Qf5 21. Qxf5 gxf5 22. g3 Ba3 23. Rxc8 Rxc8 24. Re2 g6 25. Ne5 Rc3 26. Kg2 Bd6 27. Nc4 Bc5 28. Ne3 Bb6 29. Rc2 Rd3 30. Kf3 e5 31. Ke2 e4 32. Rd2 Rxd2+ 33. Kxd2 f6 34. Ke2 Kf7 35. f3 Ke6 36. h3 Bc7 37. g4 fxg4 38. Nxg4 f5 39. Nf2 Kd5 40. fxe4+ fxe4 41. Nd1 Kd4 42. Kd2 Bf4+ 43. Ke2 Bd6 44. Nf2 Bc5 45. Nd1 Bb6 46. Nf2 Ke5 47. Nd1 Bd4 48. a3 Kf4 49. Nf2 Bb2 50. a4 a5 51. Nd1 Bd4 52. Nf2 Bxf2 53. Kxf2 e3+ 54. Ke2 Ke4 55. b4 axb4 56. a5 Kd5 57. a6 0-1

[Event "Istanbul op-A 11th"]
[Site "Istanbul"]
[Date "2012.09.03"]
[Round "4"]
[White "Soylemez, Cansu"]
[Black "Marasli, Tutku Kahraman"]
[Result "0-1"]
[WhiteElo "1946"]
[BlackElo "2179"]
[PlyCount "56"]
[EventDate "2012.08.30"]
[EventType "swiss"]
[EventRounds "9"]
[EventCountry "TUR"]
[SourceTitle "CBM 150 Extra"]
[Source "ChessBase"]
[SourceDate "2012.10.19"]
[SourceVersion "1"]
[SourceVersionDate "2012.10.19"]
[SourceQuality "1"]

1. d4 Nf6 2. c4 e6 3. Nf3 b6 4. a3 Bb7 5. Nc3 d5 6. Bg5 Be7 7. e3 0-0 8. cxd5 Nxd5 9. Bxe7 Qxe7 10. Bd3 Nd7 11. 0-0 c5 12. Rc1 Nxc3 13. Rxc3 e5 14. dxe5 Nxe5 15. Nxe5 Qxe5 16. Qe2 Rad8 17. Bb1 Rd6 18. f4 Qe7 19. e4 Rfd8 20. Rg3 Rg6 21. Rxg6 hxg6 22. e5 Qd7 23. f5 Qd4+ 24. Kh1 Qd2 25. Qg4 Rd4 26. Qh3 Qe2 27. Rg1 Rd1 28. Qg3 Qf1 0-1

[Event "Istanbul op 9th"]
[Site "Istanbul"]
[Date "2010.08.28"]
[Round "9"]
[White "Atakisi, Umut"]
[Black "Marasli, Tutku Kahraman"]
[Result "1-0"]
[WhiteElo "2384"]
[BlackElo "2185"]
[PlyCount "108"]
[EventDate "2010.08.21"]
[EventType "swiss"]
[EventRounds "9"]
[EventCountry "TUR"]
[SourceTitle "CBM 138 Extra"]
[Source "ChessBase"]
[SourceDate "2010.10.29"]
[SourceVersion "1"]
[SourceVersionDate "2010.10.29"]
[SourceQuality "1"]

1. e4 e6 2. d4 d5 3. Nd2 Nf6 4. e5 Nfd7 5. Bd3 c5 6. c3 Nc6 7. Ne2 cxd4 8. cxd4 f6 9. exf6 Nxf6 10. Nf3 Bd6 11. 0-0 0-0 12. Bf4 Bxf4 13. Nxf4 Ne4 14. Nh5 g6 15. Ng3 Nxg3 16. hxg3 a6 17. Qd2 Rxf3 18. gxf3 Nxd4 19. Qe3 Qf6 20. f4 e5 21. fxe5 Nf3+ 22. Kg2 Nxe5 23. Rfe1 Nf7 24. Qf4 Kg7 25. Rac1 Bd7 26. Rc7 Bc6 27. Ree7 Qxf4 28. gxf4 Rf8 29. Bxa6 d4+ 30. Kg3 Kf6 31. Bc4 Nd8 32. Rxh7 Ne6 33. Rce7 Nd8 34. Re1 b5 35. Bb3 d3 36. Re3 g5 37. fxg5+ Kxg5 38. Rhe7 Kf6 39. R7e6+ Nxe6 40. Rxe6+ Kf5 41. Rxc6 Rd8 42. Rc5+ Ke4 43. Rxb5 d2 44. Bc2+ Kd4 45. Rb4+ Kc5 46. Rh4 Rd3+ 47. Kg2 d1Q 48. Bxd1 Rxd1 49. a4 Ra1 50. b4+ Kd5 51. a5 Ra3 52. Rh6 Kc4 53. Rb6 Rb3 54. a6 Kd5 1-0

[Event "Istanbul op 9th"]
[Site "Istanbul"]
[Date "2010.08.27"]
[Round "8"]
[White "Marasli, Tutku Kahraman"]
[Black "Orak, Ersin"]
[Result "1-0"]
[WhiteElo "2185"]
[BlackElo "1936"]
[PlyCount "69"]
[EventDate "2010.08.21"]
[EventType "swiss"]
[EventRounds "9"]
[EventCountry "TUR"]
[SourceTitle "CBM 138 Extra"]
[Source "ChessBase"]
[SourceDate "2010.10.29"]
[SourceVersion "1"]
[SourceVersionDate "2010.10.29"]
[SourceQuality "1"]

1. Nf3 e6 2. g3 f5 3. Bg2 Nf6 4. 0-0 Be7 5. c4 0-0 6. Nc3 d6 7. Qc2 e5 8. d4 e4 9. Nd2 Nc6 10. Nb3 a5 11. a4 Nb4 12. Qb1 d5 13. cxd5 Nfxd5 14. Bd2 Be6 15. Nc1 Bf6 16. e3 Ra6 17. f3 exf3 18. Bxf3 Bg5 19. Nxd5 Nxd5 20. Ra3 Be7 21. Ra1 Rb6 22. Ne2 Bb4 23. Qd3 Bxd2 24. Qxd2 Rb3 25. Nc3 Qd6 26. Nxd5 Bxd5 27. Qxa5 Bxf3 28. Rxf3 Rxb2 29. Rxf5 b5 30. Rxf8+ Qxf8 31. Rf1 Qe8 32. Qc3 Re2 33. axb5 Qxb5 34. Qxc7 Qe8 35. Qc4+ 1-0

[Event "Istanbul op 9th"]
[Site "Istanbul"]
[Date "2010.08.23"]
[Round "4"]
[White "Marasli, Tutku Kahraman"]
[Black "Sumets, Andrey"]
[Result "0-1"]
[WhiteElo "2185"]
[BlackElo "2618"]
[PlyCount "100"]
[EventDate "2010.08.21"]
[EventType "swiss"]
[EventRounds "9"]
[EventCountry "TUR"]
[SourceTitle "CBM 138 Extra"]
[Source "ChessBase"]
[SourceDate "2010.10.29"]
[SourceVersion "1"]
[SourceVersionDate "2010.10.29"]
[SourceQuality "1"]

1. e4 e6 2. d4 d5 3. Nc3 Nf6 4. e5 Nfd7 5. f4 c5 6. Nf3 Nc6 7. Be3 cxd4 8. Nxd4 Bc5 9. Qd2 0-0 10. Nb3 Bxe3 11. Qxe3 f6 12. Qh3 Nb6 13. Bd3 h6 14. exf6 Qxf6 15. 0-0 Bd7 16. Rae1 e5 17. Qh5 Be8 18. Qd1 exf4 19. Nxd5 Nxd5 20. Bc4 Rd8 21. Bxd5+ Kh8 22. c4 Bf7 23. Qd2 Bxd5 24. cxd5 Ne7 25. Qd4 Nxd5 26. Qxa7 Ne3 27. Rf2 Ng4 28. h3 Nxf2 29. Qxf2 f3 30. Qxf3 Qxf3 31. gxf3 Rxf3 32. Kg2 Rdd3 33. Re8+ Kh7 34. Nc5 Rg3+ 35. Kf2 Rdf3+ 36. Ke2 Rxh3 37. Nxb7 Rf6 38. Nc5 Rh2+ 39. Kd3 Rxb2 40. a4 Rb4 41. Kc3 Rh4 42. Ne4 Rf3+ 43. Kd4 Ra3 44. Ra8 Ra1 45. Kd3 Rd1+ 46. Kc2 Rd4 47. Nc3 Rc4 48. Kb3 Rb4+ 49. Kc2 Rh3 50. Rc8 Rxc3+ 0-1

[Event "TUR-chT"]
[Site "Konya"]
[Date "2010.07.08"]
[Round "13"]
[White "Marasli, Tutku Kahraman"]
[Black "Ozen, Ali"]
[Result "1-0"]
[WhiteElo "2185"]
[BlackElo "1683"]
[PlyCount "59"]
[EventDate "2010.06.29"]
[EventType "team-tourn"]
[EventRounds "13"]
[EventCountry "TUR"]
[SourceTitle "CBM 137 Extra"]
[Source "ChessBase"]
[SourceDate "2010.09.01"]
[SourceVersion "1"]
[SourceVersionDate "2010.09.01"]
[SourceQuality "1"]

1. d4 Nf6 2. Nc3 g6 3. e4 d6 4. Bg5 Bg7 5. e5 Nfd7 6. f4 Nf8 7. Bc4 Ne6 8. Nf3 h6 9. Bxe6 Bxe6 10. Bh4 d5 11. h3 c6 12. g4 Na6 13. Qd2 Qc7 14. 0-0-0 b5 15. Rhg1 Rg8 16. Ne2 b4 17. Kb1 c5 18. dxc5 Nxc5 19. Nfd4 Ne4 20. Qxb4 Rb8 21. Qa3 g5 22. fxg5 Bxe5 23. gxh6 Rg6 24. h7 Bc8 25. Bg3 Nxg3 26. Rxg3 Ra6 27. Qc3 Qd7 28. Re3 Rc6 29. Rxe5 Rxb2+ 30. Qxb2 1-0

[Event "TUR-chT"]
[Site "Konya"]
[Date "2010.07.02"]
[Round "6"]
[White "Kinsiz, Onur"]
[Black "Marasli, Tutku Kahraman"]
[Result "0-1"]
[WhiteElo "2219"]
[BlackElo "2185"]
[PlyCount "82"]
[EventDate "2010.06.29"]
[EventType "team-tourn"]
[EventRounds "13"]
[EventCountry "TUR"]
[SourceTitle "CBM 137 Extra"]
[Source "ChessBase"]
[SourceDate "2010.09.01"]
[SourceVersion "1"]
[SourceVersionDate "2010.09.01"]
[SourceQuality "1"]

1. e4 e6 2. d3 d5 3. Nd2 c5 4. Ngf3 Nc6 5. g3 Nf6 6. Bg2 Be7 7. 0-0 dxe4 8. dxe4 e5 9. c3 0-0 10. Qc2 Qc7 11. Nc4 Rd8 12. Bg5 h6 13. Bxf6 Bxf6 14. Ne3 Be6 15. Nd2 Ne7 16. f4 Qd7 17. Ndc4 b5 18. Rad1 Qb7 19. Nd6 Qb6 20. fxe5 Bxe5 21. Ndf5 Bxf5 22. exf5 Rxd1 23. Rxd1 Rd8 24. Rf1 Ra8 25. Rd1 Rd8 26. Ng4 Rxd1+ 27. Qxd1 Bf6 28. Qd7 Kf8 29. Nxf6 gxf6 30. Be4 a5 31. Kg2 c4 32. h4 b4 33. Kh3 Qc5 34. Qd8+ Kg7 35. Qd7 Qe5 36. Bc2 bxc3 37. bxc3 Qxc3 38. Bd1 Qe5 39. Bc2 Qe2 40. Qd1 Qxd1 41. Bxd1 Nxf5 0-1

[Event "Istanbul op 8th"]
[Site "Istanbul"]
[Date "2009.09.02"]
[Round "4"]
[White "Azaladze, Shota"]
[Black "Marasli, Tutku Kahraman"]
[Result "1-0"]
[WhiteElo "2438"]
[BlackElo "2203"]
[PlyCount "96"]
[EventDate "2009.08.31"]
[EventType "swiss"]
[EventRounds "9"]
[EventCountry "TUR"]
[SourceTitle "CBM 132 Extra"]
[Source "ChessBase"]
[SourceDate "2009.11.03"]
[SourceVersion "1"]
[SourceVersionDate "2009.11.03"]
[SourceQuality "1"]

1. Nf3 c5 2. g3 Nc6 3. Bg2 e5 4. c4 Nf6 5. Nc3 g6 6. 0-0 Bg7 7. d3 0-0 8. Bg5 h6 9. Bxf6 Bxf6 10. a3 d6 11. Rb1 Be6 12. Nd2 Qd7 13. b4 cxb4 14. axb4 Kg7 15. b5 Nd4 16. Nb3 Nxb3 17. Qxb3 h5 18. Qa4 h4 19. b6 Qxa4 20. Nxa4 axb6 21. Nc3 hxg3 22. hxg3 Bd8 23. Rb2 Rb8 24. Ra1 f5 25. Bd5 Bc8 26. Ra7 f4 27. Bf3 fxg3 28. fxg3 Rf7 29. Nd5 Be6 30. Nc3 Bg5 31. Kf2 Bd8 32. Kg2 Bg5 33. Kf2 Bd8 34. Rb1 e4 35. Nxe4 d5 36. cxd5 Bxd5 37. Nd6 Rf8 38. Kg2 Bc7 39. Bxd5 Bxd6 40. Rxb6 Rf2+ 41. Kxf2 Bc5+ 42. Kf3 Bxb6 43. Rxb7+ Rxb7 44. Bxb7 Kf6 45. e3 g5 46. g4 Ke5 47. d4+ Ke6 48. Ke4 Ba5 1-0

[Event "TUR-ch op"]
[Site "Antalya"]
[Date "2008.02.06"]
[Round "6.23"]
[White "Aysoy, Veysi"]
[Black "Marasli, Tutku Kahraman"]
[Result "0-1"]
[WhiteElo "1906"]
[BlackElo "2199"]
[PlyCount "92"]
[EventDate "2008.02.04"]
[EventType "swiss"]
[EventRounds "11"]
[EventCountry "TUR"]
[SourceTitle "CBM 122 Extra"]
[Source "ChessBase"]
[SourceDate "2008.03.04"]
[SourceVersion "1"]
[SourceVersionDate "2008.03.04"]
[SourceQuality "1"]

1. d4 Nf6 2. Nf3 d5 3. g3 Bf5 4. Bg2 e6 5. 0-0 c5 6. b3 Nc6 7. Bb2 Rc8 8. dxc5 Bxc5 9. Nbd2 Nb4 10. c3 Nc6 11. Rc1 0-0 12. Nd4 Nxd4 13. cxd4 Bb4 14. a3 Bd6 15. b4 Qd7 16. Nb3 Rxc1 17. Bxc1 b6 18. Bg5 Ne4 19. Bxe4 Bxe4 20. Na1 h6 21. Bd2 Rc8 22. f3 Bg6 23. Qb3 Qb5 24. Kf2 Rc4 25. Bc3 a5 26. a4 Qc6 27. b5 Qc7 28. Bb2 Rb4 29. Qa2 Qc4 30. Qxc4 dxc4 31. Ba3 e5 32. Rc1 c3 33. Bxb4 axb4 34. dxe5 Bxe5 35. e4 f5 36. Ke3 fxe4 37. fxe4 Bf7 38. Kd3 b3 39. Nxb3 Bxb3 40. a5 bxa5 41. b6 c2 42. b7 Kf7 43. Rf1+ Ke7 44. Kd2 g6 45. h4 a4 46. h5 gxh5 0-1

[Event "TUR-ch op"]
[Site "Antalya"]
[Date "2008.02.04"]
[Round "2.19"]
[White "Ceylan, Imamettin"]
[Black "Marasli, Tutku Kahraman"]
[Result "1-0"]
[WhiteElo "1914"]
[BlackElo "2199"]
[PlyCount "73"]
[EventDate "2008.02.04"]
[EventType "swiss"]
[EventRounds "11"]
[EventCountry "TUR"]
[SourceTitle "CBM 122 Extra"]
[Source "ChessBase"]
[SourceDate "2008.03.04"]
[SourceVersion "1"]
[SourceVersionDate "2008.03.04"]
[SourceQuality "1"]

1. d4 c5 2. c3 Nf6 3. e3 e6 4. Bd3 b6 5. f4 Bb7 6. Nf3 Be7 7. 0-0 0-0 8. Nbd2 d6 9. e4 Nc6 10. e5 Nd5 11. Ne4 cxd4 12. c4 Ndb4 13. exd6 Bxd6 14. Nxd6 Qxd6 15. Bxh7+ Kxh7 16. Ng5+ Kg6 17. Ne4 Qd7 18. Qg4+ Kh7 19. Qh5+ Kg8 20. Ng5 Rfd8 21. f5 Ne5 22. fxe6 Qc6 23. exf7+ Kf8 24. Nh7+ Ke7 25. Qxe5+ Kd7 26. Qf5+ Qe6 27. f8N+ Rxf8 28. Nxf8+ Rxf8 29. Qxf8 Qg6 30. Qf7+ Qxf7 31. Rxf7+ Kc6 32. Bd2 Nc2 33. Rc1 d3 34. Rxc2 dxc2 35. Rxg7 Ba6 36. b3 Kc5 37. Rxa7 1-0